000 00352nam a2200133 i 4500
001 bg
100 1 _aROGIELEWICZ, Jan
245 0 _aReologiczne i mechaniczne parametry produkcji betonów komórkowych /
_cJan Rogielewicz.
260 _aWarszawa,
_c1978.
040 _cBPK
041 _apol
942 _cKS
008 s pl f |000 0 pol
999 _c20634
_d20634
856 _uhttp://koha.tu.koszalin.pl/cgi-bin/koha/opac-detail.pl?biblionumber=20634
_yKatalog online BPK